000 00831nmm a2200277 a 4500
001 ocm000602026
003 TR-IsHL
005 20201028125611.0
008 110704s2011 tu tur
007 cr cn
020 _a9786054259489
035 _a602026
_b(N$T)
050 0 4 _aHF5415
_b.U93 2011
090 0 4 _aHF5415
_b.U93 2011
100 1 _aUydacı, Mert
245 1 0 _aYeşil pazarlama
_h[electronic resource] /
_cMert Uydacı
250 _a1. bs.
260 _aİstanbul :
_bTürkmen Kitabevi,
_c2011
300 _a318 p.
650 4 _aEkonomi ve Finans
650 4 _aEconomics and Finance
650 0 _aPazarlama
650 0 _aMarketing
650 7 _aBUSINESS & ECONOMICS / Marketing / General
_2bisacsh
856 4 0 _uhttp://search.ebscohost.com/login.aspx?direct=true&scope=site&db=e011xww&AN=602026
999 _c3566
_d3566